| 000 | 00425nam a22001697a 4500 | ||
|---|---|---|---|
| 005 | 20180814151930.0 | ||
| 008 | 160513b xxu||||| |||| 00| 0 eng d | ||
| 020 | _a81-297-0223-1 | ||
| 041 | _aeng | ||
| 082 |
_b1805 _a658.4012 |
||
| 100 |
_aDavid, F.R. _9538 |
||
| 245 | _aStrategic Management :concept and cases | ||
| 260 |
_aDelhi _bPearson Education, _c2003 |
||
| 300 | _a462p, | ||
| 650 |
_aManagement _9241 |
||
| 942 | _cBK | ||
| 999 |
_c696 _d696 |
||